<?xml version="1.0" encoding="UTF-8"?>
<record
    xmlns:xsi="http://www.w3.org/2001/XMLSchema-instance"
    xsi:schemaLocation="http://www.loc.gov/MARC21/slim http://www.loc.gov/standards/marcxml/schema/MARC21slim.xsd"
    xmlns="http://www.loc.gov/MARC21/slim">

  <leader>00439nam a22001817a 4500</leader>
  <controlfield tag="005">20250414161833.0</controlfield>
  <controlfield tag="008">231106b        |||||||| |||| 00| 0 eng d</controlfield>
  <datafield tag="020" ind1=" " ind2=" ">
    <subfield code="a">81-8399-083-5</subfield>
  </datafield>
  <datafield tag="041" ind1=" " ind2=" ">
    <subfield code="a">eng</subfield>
  </datafield>
  <datafield tag="082" ind1=" " ind2=" ">
    <subfield code="a">595.7 PRA -H</subfield>
  </datafield>
  <datafield tag="100" ind1=" " ind2=" ">
    <subfield code="a">PRASAD, T.V.</subfield>
    <subfield code="9">8233</subfield>
  </datafield>
  <datafield tag="245" ind1=" " ind2=" ">
    <subfield code="a">HANDBOOK OF ENTOMOLOGY</subfield>
  </datafield>
  <datafield tag="250" ind1=" " ind2=" ">
    <subfield code="a">4TH ED., 2019</subfield>
  </datafield>
  <datafield tag="260" ind1=" " ind2=" ">
    <subfield code="a">NEW VISHAL PUBLICATIONS </subfield>
    <subfield code="b">NEW DELHI</subfield>
  </datafield>
  <datafield tag="300" ind1=" " ind2=" ">
    <subfield code="a">536;p</subfield>
  </datafield>
  <datafield tag="650" ind1=" " ind2=" ">
    <subfield code="a">AGRICULTURE</subfield>
  </datafield>
  <datafield tag="942" ind1=" " ind2=" ">
    <subfield code="c">BK</subfield>
  </datafield>
  <datafield tag="999" ind1=" " ind2=" ">
    <subfield code="c">8458</subfield>
    <subfield code="d">8456</subfield>
  </datafield>
  <datafield tag="952" ind1=" " ind2=" ">
    <subfield code="0">0</subfield>
    <subfield code="1">0</subfield>
    <subfield code="4">0</subfield>
    <subfield code="7">0</subfield>
    <subfield code="8">REF</subfield>
    <subfield code="a">JRU</subfield>
    <subfield code="b">JRU</subfield>
    <subfield code="c">SHELF-2-A</subfield>
    <subfield code="d">2023-11-06</subfield>
    <subfield code="e">PURCHASE [LBI000221/29/10/2023</subfield>
    <subfield code="g">600.00</subfield>
    <subfield code="l">0</subfield>
    <subfield code="o">595.7</subfield>
    <subfield code="p">28101</subfield>
    <subfield code="r">2023-11-06 14:17:13</subfield>
    <subfield code="w">2023-11-06</subfield>
    <subfield code="y">BK</subfield>
  </datafield>
  <datafield tag="952" ind1=" " ind2=" ">
    <subfield code="0">0</subfield>
    <subfield code="1">0</subfield>
    <subfield code="4">0</subfield>
    <subfield code="7">0</subfield>
    <subfield code="8">AGRICULTURE</subfield>
    <subfield code="a">JRU</subfield>
    <subfield code="b">JRU</subfield>
    <subfield code="c">SHELF-43-C</subfield>
    <subfield code="d">2023-11-06</subfield>
    <subfield code="e">PURCHASE [LBI000221/29/10/2023</subfield>
    <subfield code="g">600.00</subfield>
    <subfield code="l">6</subfield>
    <subfield code="m">3</subfield>
    <subfield code="o">595.7</subfield>
    <subfield code="p">28102</subfield>
    <subfield code="r">2026-02-05 10:01:12</subfield>
    <subfield code="s">2026-01-22</subfield>
    <subfield code="w">2023-11-06</subfield>
    <subfield code="y">BK</subfield>
  </datafield>
  <datafield tag="952" ind1=" " ind2=" ">
    <subfield code="0">0</subfield>
    <subfield code="1">0</subfield>
    <subfield code="4">0</subfield>
    <subfield code="7">0</subfield>
    <subfield code="8">AGRICULTURE</subfield>
    <subfield code="a">JRU</subfield>
    <subfield code="b">JRU</subfield>
    <subfield code="c">SHELF-43-C</subfield>
    <subfield code="d">2023-11-06</subfield>
    <subfield code="e">PURCHASE [LBI000221/29/10/2023</subfield>
    <subfield code="g">600.00</subfield>
    <subfield code="l">7</subfield>
    <subfield code="m">5</subfield>
    <subfield code="o">595.7</subfield>
    <subfield code="p">28103</subfield>
    <subfield code="r">2025-04-03 16:12:59</subfield>
    <subfield code="s">2025-03-03</subfield>
    <subfield code="w">2023-11-06</subfield>
    <subfield code="y">BK</subfield>
  </datafield>
  <datafield tag="952" ind1=" " ind2=" ">
    <subfield code="0">0</subfield>
    <subfield code="1">0</subfield>
    <subfield code="4">0</subfield>
    <subfield code="7">0</subfield>
    <subfield code="8">AGRICULTURE</subfield>
    <subfield code="a">JRU</subfield>
    <subfield code="b">JRU</subfield>
    <subfield code="c">SHELF-43-C</subfield>
    <subfield code="d">2025-04-10</subfield>
    <subfield code="e">PURCHASE</subfield>
    <subfield code="g">600.00</subfield>
    <subfield code="l">3</subfield>
    <subfield code="o">595.7</subfield>
    <subfield code="p">28709</subfield>
    <subfield code="r">2025-12-11 06:30:56</subfield>
    <subfield code="s">2025-12-04</subfield>
    <subfield code="w">2025-04-10</subfield>
    <subfield code="y">BK</subfield>
  </datafield>
  <datafield tag="952" ind1=" " ind2=" ">
    <subfield code="0">0</subfield>
    <subfield code="1">0</subfield>
    <subfield code="4">0</subfield>
    <subfield code="7">0</subfield>
    <subfield code="8">AGRICULTURE</subfield>
    <subfield code="a">JRU</subfield>
    <subfield code="b">JRU</subfield>
    <subfield code="c">SHELF-43-C</subfield>
    <subfield code="d">2025-04-10</subfield>
    <subfield code="e">PURCHASE</subfield>
    <subfield code="g">600.00</subfield>
    <subfield code="l">0</subfield>
    <subfield code="o">595.7</subfield>
    <subfield code="p">28710</subfield>
    <subfield code="r">2025-04-11 15:02:18</subfield>
    <subfield code="w">2025-04-10</subfield>
    <subfield code="y">BK</subfield>
  </datafield>
  <datafield tag="952" ind1=" " ind2=" ">
    <subfield code="0">0</subfield>
    <subfield code="1">0</subfield>
    <subfield code="4">0</subfield>
    <subfield code="7">0</subfield>
    <subfield code="8">AGRICULTURE</subfield>
    <subfield code="a">JRU</subfield>
    <subfield code="b">JRU</subfield>
    <subfield code="c">SHELF-43-C</subfield>
    <subfield code="d">2025-04-10</subfield>
    <subfield code="e">PURCHASE</subfield>
    <subfield code="g">600.00</subfield>
    <subfield code="l">2</subfield>
    <subfield code="o">595.7</subfield>
    <subfield code="p">28711</subfield>
    <subfield code="r">2026-03-26 08:24:02</subfield>
    <subfield code="s">2026-03-24</subfield>
    <subfield code="w">2025-04-10</subfield>
    <subfield code="y">BK</subfield>
  </datafield>
  <datafield tag="952" ind1=" " ind2=" ">
    <subfield code="0">0</subfield>
    <subfield code="1">0</subfield>
    <subfield code="4">0</subfield>
    <subfield code="7">0</subfield>
    <subfield code="8">AGRICULTURE</subfield>
    <subfield code="a">JRU</subfield>
    <subfield code="b">JRU</subfield>
    <subfield code="c">SHELF-43-C</subfield>
    <subfield code="d">2025-04-10</subfield>
    <subfield code="e">PURCHASE</subfield>
    <subfield code="g">600.00</subfield>
    <subfield code="l">0</subfield>
    <subfield code="o">595.7</subfield>
    <subfield code="p">28712</subfield>
    <subfield code="r">2025-04-11 15:02:18</subfield>
    <subfield code="w">2025-04-10</subfield>
    <subfield code="y">BK</subfield>
  </datafield>
  <datafield tag="952" ind1=" " ind2=" ">
    <subfield code="0">0</subfield>
    <subfield code="1">0</subfield>
    <subfield code="4">0</subfield>
    <subfield code="7">0</subfield>
    <subfield code="8">AGRICULTURE</subfield>
    <subfield code="a">JRU</subfield>
    <subfield code="b">JRU</subfield>
    <subfield code="c">SHELF-43-C</subfield>
    <subfield code="d">2025-04-10</subfield>
    <subfield code="e">PURCHASE</subfield>
    <subfield code="g">600.00</subfield>
    <subfield code="l">0</subfield>
    <subfield code="o">595.7</subfield>
    <subfield code="p">28713</subfield>
    <subfield code="r">2025-04-11 15:02:18</subfield>
    <subfield code="w">2025-04-10</subfield>
    <subfield code="y">BK</subfield>
  </datafield>
</record>
